000 01021nam a22003497a 4500
001 BR7200331
003 BR-BrBNA
005 20230928083751.0
007 ta
008 230509b bl.||||| |||| 00| 0 por d
040 _aBR-BrBNA
_bpor
_cBiblioteca Nacional de Agricultura
041 _a(Por)
072 _aF00
_b0180
_b/G514
090 _ 0180 BR7200331
110 1 _aBanco do Brasil S.A., Porto Alegre, RS. Depto. Geral de Comercializacao do Trigo Nacional
_91102
245 1 _aO trigo no Rio Grande do Sul [Triticum spp.; Producao vegetal; Brasil]
260 3 _aPorto Alegre, RS (Brasil):
_c1972.
300 _a121 p.
500 _a14 tables; Bibliography p. 119-121 (61 ref.)
650 _aProducao vegetal
650 _aTrigo
650 _aSolo
650 _aClima
650 _aDensidade de semeadura
650 _aVariedade
650 _aAdubacao
650 _aColheita
650 _aPraga de planta
650 _aRio Grande do Sul
909 _a202309
_bLucia
_c55
_dLucia Elande
942 _cBK
999 _c15142
_d15142